000 00325nam a22001217a 4500
999 _c9593
_d9593
003 OSt
008 201203b ||||| |||| 00| 0 eng d
245 _aIndustrial Products Finder
250 _a2011(Feb Vol.39 No.5, Apr Vol.39 No.7)
260 _aChennai
_bIPF Publications
650 _aMechanical Engineering
942 _2ddc
_cBV